=LDR 00000nam 2200000 4500 =001 INLIS000000000029981 =005 20130612132152 =008 ***********************************ind** =035 ##$$0010-061300000029981 =041 ##$$a ind =082 ##$$a 372.2 =090 ##$$a 372.2, Sal l =100 ##$$a Salsabilla, Cindy =245 ##$$a Lancar Membaca Jilid 10 Untuk Taman Kanak-kanak dan Sekolah Dasar, Cindy Salsabilla =260 ##$$a 2006 $b Surabaya =300 ##$$a 32 hlm., 15 cm =650 ##$$a Membaca =850 ##$$a NBPNMAT